000 00694cam a2200265 4500
001 J2479
008 090401t1994 xxu||||| |||| 00| 0 eng d
035 _a(Sirsi) u49269
041 _aeng
050 _a711.552
110 _aChesterton
_92357
245 _aRetail strategy planner 1994.
260 _aLondon
_bChesterton
_c1994
300 _a1 map ; 86x56cm. folded to 30x16cm.
350 _a0
650 _aDEMOGRAPHY
650 _aMAPS
650 _aPROSPERITY CHANGE INDICATOR
650 _aRETAIL PROPERTY
650 _aRETAIL STRATEGY PLANNER
650 _aSHOPPING CENTRES
690 _aPROPERTY-COMMERCIAL PROPERTY-RETAIL PROPERTY
942 _n0
948 _c04/03/1997
999 _c92540
_d92540